000
00258nam a22001217a 4500
082
_a
823
_b
OSC/T
100
_a
WILDE, OSCAR
245
_a
TALES OF OSCAR WILDE
260
_a
DELHI
_b
S CHAND & CO
300
_a
108
650
_a
ENGLISH STORY
_z
INDIA
942
_c
BK
999
_c
7321
_d
7321